Normal view
MARC view
- الاسلام- متفرقات- علم الكلام- الاخلاق الاسلامية
Entry Topical Term
001 - CONTROL NUMBER
- control field: 42618
003 - CONTROL NUMBER IDENTIFIER
- control field: JO-AjAnu
005 - DATE AND TIME OF LATEST TRANSACTION
- control field: 20230606081053.0
008 - FIXED-LENGTH DATA ELEMENTS
- fixed length control field: 230606|| aca||aabn | a|a d
040 ## - CATALOGING SOURCE
- Original cataloging agency: JO-AjAnu
- Transcribing agency: JO-AjAnu
150 ## - HEADING--TOPICAL TERM
- Topical term or geographic name entry element: الاسلام- متفرقات- علم الكلام- الاخلاق الاسلامية
670 ## - SOURCE DATA FOUND
- Source citation: Work cat.: (JO-AjAnu)21829: حوى،سعيد ، مراجعة: وهبي سليمان الغاوجي, author 42617, الإسلام: الأصل الثالث، ج3